000 00251nam a22001217a 4500
040 _cSY
082 _a631
100 _aKENICHI KAKUDOH
245 _aHandbook of tropical soil management
260 _aAICAF
_bKEN
_c2003
300 _a153p.
942 _cEK
999 _c9786
_d9786